Teaching Reading Skills Through the Newspaper. (Record no. 1148)

MARC details
000 -LEADER
fixed length control field 00395nam a22001217a 4500
005 - DATE AND TIME OF LATEST TRANSACTION
control field 20200825144715.0
008 - FIXED-LENGTH DATA ELEMENTS--GENERAL INFORMATION
fixed length control field 200825b ||||| |||| 00| 0 eng d
020 ## - INTERNATIONAL STANDARD BOOK NUMBER
International Standard Book Number 087207210X
040 ## - CATALOGING SOURCE
Transcribing agency CML
245 ## - TITLE STATEMENT
Title Teaching Reading Skills Through the Newspaper.
Statement of responsibility, etc. Cheyney, A.B.
260 ## - PUBLICATION, DISTRIBUTION, ETC.
Place of publication, distribution, etc. Delaware
Name of publisher, distributor, etc. International Reading Association.
Date of publication, distribution, etc. 1984
942 ## - ADDED ENTRY ELEMENTS (KOHA)
Source of classification or shelving scheme Dewey Decimal Classification
Koha item type Books
Edition 1st Edition
Classification part 418
Call number suffix SHE
Holdings
Withdrawn status Lost status Source of classification or shelving scheme Damaged status Not for loan Collection code Home library Current library Shelving location Date acquired Total Checkouts Full call number Date last seen Copy number Price effective from Koha item type
    Dewey Decimal Classification     Language Chalimbana Main Library Chalimbana Main Library Language 08/25/2020   418.407 SHE 08/25/2020 1 08/25/2020 Books

Powered by Koha